All Populated Islands in the U.S. - Statistics

General Stats
  • This quiz has been taken 426 times
  • The average score is 21 of 254
Answers on the Map
Answers color-coded by a green-red scale on the quiz's map according to % correct below.
 
Answer Stats
Island State Population % Correct
Long NY 8,063,232
93%
Long ME 234
93%
Long Key FL 341
93%
Hawaii HI 200,629
88%
Manhattan NY 1,694,251
87%
Oahu HI 1,016,508
86%
Key West FL 26,444
76%
Staten NY 495,747
73%
Maui HI 164,221
69%
Nantucket MA 14,255
57%
Kauai HI 73,298
53%
Key Largo FL 12,477
47%
Kodiak AK 13,101
45%
Martha's Vineyard MA 17,265
43%
Galveston TX 49,709
38%
Cape Cod MA 228,996
36%
Molokai HI 7,345
30%
Santa Catalina CA 4,096
30%
Hilton Head SC 37,661
25%
Lanai HI 3,367
24%
Mackinac MI 583
24%
Rhode RI 60,109
23%
Miami Beach FL 82,890
22%
South Padre TX 2,816
20%
Block RI 1,410
19%
Roosevelt NY 11,722
19%
Unalaska AK 5,638
19%
Washington WI 660
18%
Grand NY 21,389
17%
Grand Isle VT 3,651
17%
Grand Isle LA 1,005
17%
San Juan WA 8,236
17%
Palm FL 329
15%
Little WA 160
14%
Fir WA 445
13%
Key Biscayne FL 14,846
13%
Alameda CA 64,062
12%
Rock Island Arsenal IL 149
12%
Bainbridge WA 24,520
11%
Fire NY 292
11%
Oak NC 8,020
11%
Puget WA 735
11%
St. George FL 972
11%
St. Paul AK 480
11%
Hatteras NC 4,322
10%
James SC 41,578
10%
Johns SC 21,500
10%
Long Beach NY 35,029
10%
Long Beach NJ 10,000
10%
Mercer WA 24,470
10%
Ocean Isle NC 867
10%
Smith MD 220
10%
North Padre TX 10,250
9%
Roanoke NC 6,724
9%
Sanibel FL 6,382
9%
Treasure FL 6,584
9%
Treasure CA 2,300
9%
Treasure WA 151
9%
Whidbey WA 67,453
9%
City NY 4,387
8%
Marco FL 15,760
8%
Mount Desert ME 10,615
8%
Palm Beach FL 9,245
8%
Pine FL 8,724
8%
Duck Key FL 783
7%
Ocracoke NC 797
7%
Tybee GA 3,114
7%
Virginia Key FL 5,679
7%
Amelia FL 22,977
6%
Beaver MI 657
6%
Belle FL 1,755
6%
Big Pine Key FL 4,521
6%
Dauphin AL 1,778
6%
Fisher FL 561
6%
Kent MD 19,503
6%
Orcas WA 5,632
6%
Prince of Wales AK 5,559
6%
Siesta FL 5,454
6%
Wrangell AK 2,401
6%
Cedar NC 350
5%
Cedar Key FL 687
5%
Chincoteague VA 2,941
5%
Deer Isle ME 2,194
5%
Jekyll GA 866
5%
Kiawah SC 2,013
5%
Randalls NY 1,648
5%
Santa Rosa FL 44,678
5%
Shelter NY 3,253
5%
St. Lawrence AK 1,475
5%
Tangier VA 727
5%
Vashon WA 10,788
5%
Anna Maria FL 4,886
4%
Baranof AK 8,532
4%
Clearwater Beach FL 5,700
4%
Mustang TX 2,904
4%
San Clemente CA 148
4%
St. Simons GA 14,982
4%
Venice FL 25,463
4%
Wheeling WV 3,142
4%
Yerba Buena CA 2,500
4%
Anderson WA 1,338
3%
Balboa CA 2,471
3%
Bethel CA 3,700
3%
Camano WA 17,348
3%
Captiva FL 318
3%
Chichagof AK 1,342
3%
Douglas AK 3,000
3%
Drummond MI 973
3%
Fidalgo WA 25,289
3%
Fishers NY 424
3%
Fox WA 4,113
3%
French WI 4,207
3%
Goose IL 14,534
3%
Harbor SC 209
3%
Jupiter FL 804
3%
Lido CA 1,500
3%
Lido Key FL 12,523
3%
Longboat Key FL 7,505
3%
Lopez WA 2,596
3%
Madeline WI 250
3%
Mare CA 2,262
3%
Merritt FL 34,518
3%
Moose ME 1,288
3%
Parris SC 4,841
3%
Plum MA 2,432
3%
Revillagigedo AK 13,950
3%
Stock FL 4,722
3%
Afognak AK 169
2%
Avery LA 163
2%
Bald Head NC 268
2%
Copper MI 5,122
2%
Davis FL 5,474
2%
Edisto SC 2,301
2%
Fenwick DE 7,691
2%
Folly SC 2,660
2%
Fripp SC 963
2%
Guemes WA 824
2%
Harkers NC 1,127
2%
Harstine WA 1,600
2%
Hayden OR 2,130
2%
Horse MI 200
2%
Hutchinson FL 11,062
2%
Isle of Palms SC 4,347
2%
Kupreanof AK 785
2%
Lummi WA 1,060
2%
North Hero VT 939
2%
North Hutchinson FL 7,960
2%
Nunivak AK 191
2%
Pawleys SC 130
2%
Prudence RI 278
2%
Sauvie OR 1,078
2%
Shaw WA 260
2%
Shell NC 2,473
2%
South Bass OH 154
2%
Sugar MI 683
2%
Sugarloaf Key FL 2,274
2%
Sullivan's SC 1,891
2%
Swan's ME 355
2%
Tiki TX 968
2%
Topsail NC 5,255
2%
Vinalhaven ME 1,279
2%
Waldron WA 112
2%
Abescon NJ 56,437
1%
Anastasia FL 21,877
1%
Annette AK 1,447
1%
Bailey ME 400
1%
Barnum NY 8,850
1%
Big Coppitt Key FL 2,869
1%
Brigantine NJ 7,716
1%
Broad Channel NY 3,000
1%
Chappaquiddick MA 179
1%
Chebeague ME 396
1%
Chokoloskee FL 346
1%
Cobb MD 929
1%
Conanicut RI 5,622
1%
Cousins ME 528
1%
Cudjoe Key FL 2,019
1%
Daufuskie SC 400
1%
Deerfield Beach FL 8,000
1%
Di Lido FL 230
1%
Doty WI 3,800
1%
Estero FL 5,582
1%
Fiesta Key FL 341
1%
Figure Eight NC 441
1%
Gasparilla FL 1,261
1%
Georgetown ME 1,058
1%
Gibson MD 274
1%
Grassy Key FL 974
1%
Grey Cloud MN 307
1%
Harsens MI 918
1%
Herron WA 211
1%
Hibiscus FL 394
1%
Holden Beach NC 2,000
1%
Holmes IN 200
1%
Hooper MD 441
1%
Isle La Motte VT 488
1%
Islesboro ME 583
1%
Kelleys OH 256
1%
Key Vaca FL 760
1%
Knotts NC 1,899
1%
Little Deer Isle ME 300
1%
Manasota Key FL 1,326
1%
Marrowstone WA 940
1%
Mason's CT 399
1%
McNeil WA 298
1%
Mitkof AK 3,364
1%
Monkey OK 7,258
1%
Nelson AK 1,197
1%
Neville PA 1,108
1%
New Castle NH 1,000
1%
Nicollet MN 144
1%
North Captiva FL 173
1%
North Haven ME 417
1%
Orr's ME 539
1%
Peaks ME 927
1%
Pittsburg Point AZ 2,000
1%
Plantation Key FL 7,107
1%
Raft WA 500
1%
Sabula IA 506
1%
Samish WA 750
1%
Seabrook SC 2,050
1%
Seven Mile NJ 2,039
1%
Sherman CA 233
1%
Spruce AK 242
1%
St. Helena SC 8,407
1%
Stretch WA 178
1%
Summerland Key FL 1,539
1%
The Wildwoods NJ 13,375
1%
Tilghman MD 807
1%
Van Schaick NY 1,400
1%
Verona ME 507
1%
Wellesley NY 326
1%
Westport ME 719
1%
Arrowsic ME 477
0%
Badger's ME 200
0%
Brickwell Key FL 2,189
0%
Campbell's IL 275
0%
Don Pedro FL 2,830
0%
Ebey WA 169
0%
Gross Ile MI 10,777
0%
Japonski AK 269
0%
Littlejohn ME 116
0%
Little Torch Key FL 1,539
0%
Lower Matecumbe Key FL 4,756
0%
Ludlam NJ 2,251
0%
Perico FL 1,600
0%
Pleasure NC 8,768
0%
Popof AK 759
0%
Sarichef AK 591
0%
Seavey's ME 1,476
0%
Snead FL 1,500
0%
St. Armand's Key FL 12,523
0%
Stolp IL 500
0%
Upper Matecumbe Key FL 3,341
0%
No matching quizzes found
Score Distribution
Percent of People with Each Score
Percentile by Number Answered
Your Score History
You have not taken this quiz